000 00760nmc a2200277 a 4500
003 AR-BaBNM
005 20251128205521.0
008 011101s1997 ||||||||||||||000 | spa||
020 _a987-9191-06-4
040 _cAR-BaBNM
100 1 _aFerreyra, Horacio Ademar
245 1 0 _aTécnicas grupales
_belementos para el aula flexible
250 _a1ª ed.
260 _aBuenos Aires
_bEdiciones Novedades Educativas
_c1997
300 _a105 p.
_bil.
490 0 _aRecursos didácticos
650 4 _aDINAMICA DE GRUPO
650 4 _aTECNICAS DE ENSENANZA
650 4 _aTRABAJO EN EQUIPO
650 4 _aDISCIPLINA
650 4 _aACTIVIDADES EN GRUPO
653 _aAPRENDIZAJE SIGNIFICATIVO
700 1 _aPasut, Marta
942 _cBK
998 _cSILVI
999 _c11714
_d11714